| 000 | 02414cad a22002895a 4500 | ||
|---|---|---|---|
| 001 | L156649 | ||
| 008 | 120618s2012 xxk 000 0 eng d | ||
| 035 | _a(Sirsi) u156649 | ||
| 041 | 0 | _aeng | |
| 100 | 1 | _aCare, Leo | |
| 110 | 2 |
_aGreat Britain _bHealth and Safety Executive |
|
| 245 | 0 | 0 |
_aHealthy design, creative safety _bapproaches to health and safety teaching and learning in undergraduate schools of architecture _h[electronic resource] |
| 260 |
_a[S.l.] _bHSE _c2012 |
||
| 490 | 0 |
_aResearch Report _b925 |
|
| 505 | _aContext -- Research question -- Research context -- Research project approach -- Research aims -- Implications of this research -- Approach -- Design of study -- Methods -- Results -- Health and safety teaching and learning at the University of Sheffield -- Health and safety teaching in undergraduate schools of architecture in the UK: review of questionnaire responses -- Review of symposium -- Health and safety good practice teaching case studies -- Views of students -- Review of resources to support teaching -- Summary of findings -- Proposals and recommendations -- Recommendations for teachers to integrate health and safety thinking into teaching -- Recommendations to help support the integration of health and safety in education -- Recommendations for future initiatives -- Top tips -- Appendices -- References and bibliography | ||
| 520 | _aThis is a report of research undertaken in January 2010 by a team from the University of Sheffield, commissioned by the HSE and RIBA, into the teaching of health and safety in undergraduate schools of architecture in the UK. Recommends that institutional health and safety professionals within the university become involved at the project planning stage to advise on managing risk, provide institutional support and enable an increase in the ambition of live projects. It is essential to trust students to manage, and learn how to manage, some risk in the project design and construction. | ||
| 590 | _aKA NTK | ||
| 651 | 4 |
_aGreat Britain _y1707- |
|
| 690 |
_aConstruction management _96230 |
||
| 690 | _aDesign and specification | ||
| 700 | 1 | _aJary, Daniel | |
| 700 | 1 | _aParnell, Dr Rosie | |
| 710 | 1 |
_aRoyal Institute of British Architects _92527 |
|
| 710 | 1 | _aUniversity of Sheffield | |
| 856 | 4 | 0 |
_uhttps://www.hse.gov.uk/research/rrpdf/rr925.pdf _zView the report free of charge at www.www.hse.gov.uk |
| 942 | _n0 | ||
| 999 |
_c114342 _d114342 |
||